Paroles - Je saigne encore - Kyo - Statistiques

Statistiques générales
  • Ce quiz a été pris 34 fois
  • Le résultat moyen est 153 sur 180
Statistiques - réponses
Paroles % Correct
en
100%
encore
100%
je
100%
Je
100%
saigne
100%
a
95%
à
95%
de
95%
droit
95%
Et
95%
Il
95%
la
95%
le
95%
mon
95%
sur
95%
ton
95%
un
95%
une
95%
ce
89%
corps
89%
dans
89%
même
89%
te
89%
âme
84%
aux
84%
ça
84%
fait
84%
loin
84%
mains
84%
mal
84%
mort
84%
pas
84%
plus
84%
poser
84%
qui
84%
Regarde
84%
ses
84%
souris
84%
toi
84%
coeur
79%
dernier
79%
effort
79%
enfoncée
79%
fort
79%
lame
79%
larme
79%
moi
79%
odeur
79%
rend
79%
respirer
79%
rouge
79%
Tout
79%
tout
79%
blesse
74%
d'une
74%
l'ombre
74%
Mais
74%
regards
74%
tu
74%
aime
68%
crois-moi
68%
rendent
68%
chaleur
63%
déjà
63%
que
63%
sais
63%
suis
63%
ta
63%
dire
58%
ne
58%
nous
58%
quand
58%
voix
58%
forts
53%
permets
53%
tue
53%
caresser
47%
t'endors
42%
visage
42%
Aucun quiz correspondant
Distribution des résultats
% des personnes avec chaque résultat
Percentile par nombre de réponses
Votre historique - résultats
Vous n’avez pas pris ce quiz